[Event "6th Kolkata Open"]
[Site "Kolkata IND"]
[Date "2013.12.07"]
[Round "3.12"]
[White "Suvrajit,S"]
[Black "Mirzoev,A"]
[Result "1/2-1/2"]
[WhiteElo "2326"]
[BlackElo "2518"]

1.Nf3 d5 2.d4 Nf6 3.c4 c6 4.Nc3 a6 5.cxd5 cxd5 6.Bf4 Nc6 7.Rc1 Nh5 8.Bd2 e6
9.e3 Nf6 10.Bd3 Be7 11.O-O O-O 12.Qe2 Bd7 13.Rfd1 Rc8 14.Ne5 Be8 15.f4 Nd7
16.Nxc6 Rxc6 17.Nb1 Nf6 18.Qe1 Qb6 19.b3 Bd7 20.Ba5 Qa7 21.Rxc6 Bxc6 22.Rc1 Bb5
23.Bc2 Re8 24.h3 h6 25.Bb4 Bd8 26.a4 Bd7 27.Nd2 a5 28.Ba3 b5 29.axb5 Bxb5
30.Nf3 Qb7  1/2-1/2

[Event "TCh-NED Meesterklasse 2013-14"]
[Site "Netherland NED"]
[Date "2013.12.07"]
[Round "3.3"]
[White "L'Ami,E"]
[Black "Seel,C"]
[Result "1/2-1/2"]
[WhiteElo "2642"]
[BlackElo "2474"]

1.d4 d5 2.c4 c6 3.Nf3 Nf6 4.Nc3 a6 5.e3 e6 6.b3 Bb4 7.Bd2 O-O 8.Bd3 Nbd7
9.O-O Bd6 10.Qc2 e5 11.cxd5 cxd5 12.e4 dxe4 13.Nxe4 Nxe4 14.Bxe4 h6 15.Bc3 exd4
16.Bxd4 Nf6 17.Bf5 Qa5 18.Nh4 Be5 19.Bxe5 Qxe5 20.Rfe1 Qd4 21.g3 Kh8 22.Rad1 Qb4
23.Qd2 a5 24.Qxb4 axb4 25.Re2 Ra5 26.Bxc8 Rxc8 27.Rd4 Nd5 28.Red2 Rcc5 29.Nf3 Kh7
30.Kg2 Rcb5 31.Ne5 Nc3 32.Nxf7 Rxa2 33.Nd6 Rb6 34.Nf5 Rb5 35.g4 h5 36.h3 hxg4
37.hxg4 Rxd2 38.Rxd2 Rd5 39.Rxd5 Nxd5 40.Kf3 Kg6 41.Ke4 Nf6+ 42.Kf4 Nd7 43.Nd4 Kf6
44.g5+ Kg6 45.Ne6 b6 46.Nd4 Kh5 47.Ne6 Kg6 48.Kg4 Ne5+ 49.Kg3 Nc6 50.f4 Kf7
51.f5 g6 52.Kf4 gxf5 53.Kxf5 Ne7+ 54.Ke5 Nc6+ 55.Kd6 Na5 56.Nd4 Kg6 57.Kc7 Nxb3
58.Nxb3 Kxg5 59.Kxb6 Kf5 60.Kb5 Kg5 61.Kxb4  1/2-1/2

[Event "TCh-SVK Ext 2013-14"]
[Site "Slovakia SVK"]
[Date "2013.12.08"]
[Round "4.5"]
[White "Cech,P"]
[Black "Tropp,L"]
[Result "1-0"]
[WhiteElo "2387"]
[BlackElo "2103"]

1.d4 d5 2.c4 c6 3.Nf3 Nf6 4.Nc3 a6 5.c5 g6 6.Bf4 Bg7 7.h3 O-O 8.e3 Nbd7 9.Be2 b5
10.cxb6 Qxb6 11.O-O Re8 12.Na4 Qb7 13.Rc1 Ne4 14.Qc2 e5 15.Nxe5 Nxe5 16.Bxe5 Bxe5
17.dxe5 Rxe5 18.Bd3 Bf5 19.Bxe4 dxe4 20.Rfd1 Rc8 21.Qc3 Rb5 22.Qf6 Rd5 23.Rxd5 cxd5
24.Rxc8+ Qxc8 25.Nc3 Be6 26.Qd4 Qc6 27.b4 h5 28.a4 Qb7 29.b5 axb5 30.axb5 Qa8
31.b6 Qa1+ 32.Kh2 Qb2 33.Nxd5 Qb3 34.Nf6+ Kf8 35.Qd8+ Kg7 36.Ne8+ Kh6 37.h4 Qb2
38.Qf6  1-0

[Event "TCh-SVK Ext 2013-14"]
[Site "Slovakia SVK"]
[Date "2013.12.08"]
[Round "4.4"]
[White "Masarik,D"]
[Black "Sedlacek,Pa"]
[Result "1/2-1/2"]
[WhiteElo "2034"]
[BlackElo "2231"]

1.Nf3 d5 2.d4 Nf6 3.c4 c6 4.Nc3 a6 5.cxd5 cxd5 6.Bf4 Nc6 7.e3 Bg4 8.Be2 e6
9.h3 Bxf3 10.Bxf3 Be7 11.O-O O-O 12.a3 Rc8 13.Rc1 Na5 14.Rc2 Qd7 15.Qb1 b5
16.b4 Nc4 17.Qb3 h6 18.a4 bxa4 19.Nxa4 Qb5 20.Rb1 a5 21.bxa5 Qxb3 22.Rxb3 Nxa5
23.Rxc8 Rxc8 24.Rb8  1/2-1/2

[Event "5th Penang Open 2013"]
[Site "George Town MAS"]
[Date "2013.12.11"]
[Round "4.15"]
[White "Ong,Way"]
[Black "Verdun,X"]
[Result "0-1"]
[WhiteElo "2018"]
[BlackElo "2259"]

1.d4 d5 2.c4 c6 3.Nc3 Nf6 4.Nf3 a6 5.c5 Nbd7 6.Bf4 Nh5 7.g3 g6 8.b4 Bg7 9.Rc1 O-O
10.e3 f6 11.h4 e5 12.dxe5 Nxf4 13.exf6 Nd3+ 14.Bxd3 Qxf6 15.Be2 Ne5 16.Nxd5 Nxf3+
17.Bxf3 Qxf3 18.Qxf3 Rxf3 19.Nf4 Bg4 20.O-O Kf7 21.Rc4 h5 22.Rfc1 Rd8 23.R1c2 Be5
24.Kg2 Bxf4 25.Rxf4+ Rxf4 26.gxf4 Bd1 27.Rc4 Rd2 28.a3 Rd3 29.a4 Bb3 30.Rc1 Bxa4
31.Kf3 Kf6 32.Ke2 Rb3  0-1

[Event "Russian Cup Final w 2013"]
[Site "Khanty-Mansiysk RUS"]
[Date "2013.12.13"]
[Round "1.3"]
[White "Girya,O"]
[Black "Schepetkova,M"]
[Result "1/2-1/2"]
[WhiteElo "2443"]
[BlackElo "2252"]

1.d4 d5 2.Nf3 Nf6 3.c4 c6 4.Nc3 a6 5.a4 e6 6.g3 c5 7.cxd5 cxd4 8.Nxd4 Nxd5
9.Bg2 Nxc3 10.bxc3 e5 11.Nc2 Qxd1+ 12.Kxd1 Nc6 13.Ne3 Be6 14.Rb1 O-O-O+ 15.Kc2 Bc5
16.Bd2 h5 17.h4 Rd7 18.Bh3 Bxh3 19.Rxh3 Bxe3 20.Bxe3 e4 21.Bb6 Re8 22.Rhh1 Re6
23.Rhd1 Ne5 24.Rxd7 Kxd7 25.Bd4 Kc7 26.Kb3 g6 27.Rd1 Ng4 28.Kc4 f5 29.Kb4 Kc6
30.Rb1 Kc7 31.Rd1 Kc6 32.Rb1 Kc7 33.Rd1 Kc6 34.Rb1 Kc7 35.Rd1  1/2-1/2

[Event "Caissa IM December 2013"]
[Site "Kecskemet HUN"]
[Date "2013.12.20"]
[Round "5.3"]
[White "Sarosi,Z"]
[Black "Meszaros,An"]
[Result "1/2-1/2"]
[WhiteElo "2250"]
[BlackElo "2295"]

1.d4 d5 2.c4 c6 3.Nf3 Nf6 4.Nc3 a6 5.c5 Bf5 6.Qb3 Ra7 7.h3 Nbd7 8.Bf4 e6
9.e3 Be7 10.Be2 O-O 11.O-O Ne4 12.Rad1 Nxc3  1/2-1/2

[Event "Caissa IM December 2013"]
[Site "Kecskemet HUN"]
[Date "2013.12.20"]
[Round "6.2"]
[White "Sarosi,Z"]
[Black "Fang,Yuxiang"]
[Result "1/2-1/2"]
[WhiteElo "2250"]
[BlackElo "2189"]

1.d4 d5 2.c4 c6 3.Nf3 Nf6 4.Nc3 a6 5.c5 Bf5 6.Bf4 Nbd7 7.h3 h6 8.e3 e6 9.Bd3 Bxd3
10.Qxd3 Be7 11.b4 Qc8 12.O-O O-O 13.Na4 Bd8 14.Bd6 Re8 15.Ne5 Bc7 16.Bxc7 Qxc7
17.f4 Rf8 18.Nc3 b6 19.Rab1 Nxe5 20.fxe5 Nd7 21.e4 a5 22.exd5 axb4 23.d6 Qa7
24.Ne4 bxc5 25.Nf6+ Nxf6 26.exf6 c4 27.Qxc4 g6 28.Rf2 Rfd8 29.Qc5 Qd7 30.Rxb4 Qxd6
31.Qc3 Ra5 32.Rc4 Ra3 33.Qc1 Qf8 34.Rxc6 Rxd4 35.Rc8 Rd1+ 36.Qxd1 Qxc8 37.Rc2 Qf8
38.Qc1 Ra8 39.Kh1 Kh7 40.Qf4 Ra5 41.Qc7 Ra8 42.Qf4 Ra5 43.Qc7 Ra8  1/2-1/2

[Event "ch-CZE Blitz Prelim 2013"]
[Site "Brno CZE"]
[Date "2013.12.21"]
[Round "10.2"]
[White "Babula,V"]
[Black "Velicka,P"]
[Result "1-0"]
[WhiteElo "2584"]
[BlackElo "2413"]

1.d4 d5 2.c4 c6 3.Nf3 Nf6 4.Nc3 a6 5.a4 e6 6.Bg5 Nbd7 7.e3 Bb4 8.Rc1 Qa5
9.Qc2 Ne4 10.Bf4 O-O 11.Bd3 f5 12.O-O Ndf6 13.c5 Qd8 14.Ne2 Ba5 15.h3 Bd7
16.Be5 Be8 17.Nf4 Qd7 18.Be2 Bh5 19.Kh1 Bxf3 20.gxf3 Ng5 21.Rg1 h6 22.h4 Ngh7
23.Rg6 Bd8 24.Rcg1 Rf7 25.Rxh6 Ng4 26.Rxg4 fxg4 27.Qxh7+  1-0

[Event "ch-CZE Blitz Prelim 2013"]
[Site "Brno CZE"]
[Date "2013.12.21"]
[Round "12.2"]
[White "Babula,V"]
[Black "Jirka,J"]
[Result "1-0"]
[WhiteElo "2584"]
[BlackElo "2453"]

1.d4 d5 2.c4 c6 3.Nf3 Nf6 4.Nc3 a6 5.a4 e6 6.Bg5 Nbd7 7.e3 Qa5 8.Qc2 Bb4
9.Rc1 Ne4 10.Bf4 Nb6 11.Bc7 Kd7 12.Bxb6 Qxb6 13.Bd3 f5 14.O-O Ke7 15.Ne5 Bd7
16.f3 Nf6 17.c5 Qc7 18.Na2 a5 19.Qb3 Bd2 20.Bb1 Bxc1 21.Nxc1 Rab8 22.Qa3 Be8
23.Ncd3 g6 24.Qc3 Kf8 25.Qe1 Kg7 26.Qh4 h6 27.Nf4 Qe7 28.Qg3 Rd8 29.Nfxg6 Bxg6
30.Nxg6 Qe8 31.Nxh8+ Kxh8 32.Qe5 Qe7 33.g4 Rg8 34.Kh1 fxg4 35.fxg4 Rf8 36.g5 hxg5
37.Qxg5 Qg7 38.Qh4+ Nh7 39.Rxf8+  1-0

[Event "22nd Donau Open 2013"]
[Site "Aschach AUT"]
[Date "2013.12.28"]
[Round "4.5"]
[White "Deglmann,L"]
[Black "Neuman,P"]
[Result "1-0"]
[WhiteElo "2349"]
[BlackElo "2496"]

1.d4 d5 2.c4 c6 3.Nf3 Nf6 4.Nc3 a6 5.c5 Nbd7 6.Bf4 Nh5 7.Qd2 b6 8.e4 bxc5
9.exd5 cxd4 10.Qxd4 c5 11.Qd2 Nxf4 12.Qxf4 Qb6 13.Bc4 Qxb2 14.Rc1 Qb8 15.Qe3 Qb4
16.Nd2 g6 17.O-O Bg7 18.d6 O-O 19.dxe7 Re8 20.Nd5 Qb8 21.Rb1 Qa7 22.Ne4 Bb7
23.Nd6 Bc6 24.Nxf7  1-0

[Event "Cracovia Open A 2013-14"]
[Site "Krakow POL"]
[Date "2013.12.28"]
[Round "2.8"]
[White "Kolosowski,M"]
[Black "Jakubiec,E"]
[Result "1-0"]
[WhiteElo "2438"]
[BlackElo "2206"]

1.d4 d5 2.c4 c6 3.Nf3 Nf6 4.Nc3 a6 5.c5 g6 6.h3 Bg7 7.Bf4 O-O 8.e3 Nbd7 9.Bd3 b6
10.cxb6 Qxb6 11.Qb3 Qxb3 12.axb3 c5 13.Ra5 cxd4 14.exd4 Nb8 15.O-O Nc6 16.Ra4 e6
17.Rfa1 Nd7 18.Bb5 Ndb8 19.Bd6 Rd8 20.Bc7 Rf8 21.Bd6 Rd8 22.Bc5 Bb7 23.b4 Rc8
24.Kf1 Bf8 25.Ke2 Kg7 26.Kd2 h5 27.g4 hxg4 28.hxg4 f6 29.g5 Kf7 30.gxf6 Bh6+
31.Ke2 Kxf6 32.Bd3 Nd7 33.Rh1 Rh8 34.Bd6 Bg7 35.Rg1 g5 36.b5 axb5 37.Rxa8 Rxa8
38.Nxb5 Bh6 39.Nh2 Bf8 40.Ng4+ Kg7 41.Rh1 Bc8 42.Nc7 Nxd4+ 43.Ke3 Ra4 44.Be5+ Kg8
45.Bxd4 e5 46.Nxe5 Rxd4 47.Kxd4 Bg7 48.Bh7+  1-0

[Event "Rilton Cup 2013-14"]
[Site "Stockholm SWE"]
[Date "2013.12.30"]
[Round "4.4"]
[White "Lintchevski,D"]
[Black "Volkov,Sergey1"]
[Result "1-0"]
[WhiteElo "2541"]
[BlackElo "2623"]

1.Nf3 d5 2.d4 Nf6 3.c4 c6 4.Nc3 a6 5.e3 b5 6.b3 Bg4 7.Be2 e6 8.O-O Nbd7 9.h3 Bf5
10.Bb2 Bd6 11.Nh4 Be4 12.Nxe4 Nxe4 13.Nf3 O-O 14.Qc2 Qe7 15.a4 bxc4 16.bxc4 a5
17.Nd2 f5 18.Rab1 Bb4 19.Nxe4 fxe4 20.Bc3 c5 21.dxc5 Qxc5 22.Bd4 Qd6 23.cxd5 exd5
24.Rbc1 Nf6 25.Qc6 Qd8 26.Rfd1 Rc8 27.Qe6+ Kh8 28.Rxc8 Qxc8 29.Qxc8 Rxc8
30.Bxf6 gxf6 31.Rxd5 Rc2 32.Bb5 Rc1+ 33.Kh2 Rc2 34.Rf5 Bd6+ 35.g3 Kg7 36.Kg2 Bc5
37.Kg1 Rc1+ 38.Bf1 Bb4 39.Kg2 Rc5 40.Rf4 Re5 41.Rg4+ Kh6 42.Bb5 f5 43.Rg8 Re7
44.Rc8 Rg7 45.Be8 Re7 46.Bb5 Rg7 47.Bc4 Rg6 48.Re8 Bd6 49.Be6 Kg5 50.g4 fxg4
51.hxg4 Rg7 52.Rg8 Rxg8 53.Bxg8 h6 54.Bh7 Kxg4 55.Bxe4 Bc5 56.Bc6 h5 57.Bd7+ Kh4
58.Kf3 Bb4 59.Be8 Be1 60.Ke2 Bb4 61.f4 Kg4 62.Kf2 Bd2 63.Bb5 Kf5 64.Kf3 Ke6
65.e4 Kd6 66.e5+ Kd5 67.Be8 h4 68.Bd7 Bc1 69.Bh3 Bd2 70.Kg4 Be1 71.Kf5 Bb4
72.e6 Be7 73.Kg6 Bd8 74.Kf7 Kd6 75.f5 Bg5 76.f6 Kd5  1-0

[Event "Cracovia Open A 2013-14"]
[Site "Krakow POL"]
[Date "2013.12.31"]
[Round "6.10"]
[White "Sieciechowicz,M"]
[Black "Jakubiec,E"]
[Result "1-0"]
[WhiteElo "2457"]
[BlackElo "2206"]

1.d4 d5 2.c4 c6 3.Nf3 Nf6 4.Nc3 a6 5.g3 g6 6.Bg2 Bg7 7.O-O O-O 8.cxd5 cxd5
9.Ne5 Nbd7 10.f4 e6 11.Qb3 Qb6 12.Qxb6 Nxb6 13.b3 Rd8 14.Bd2 Ne8 15.Rfc1 f6
16.Nd3 f5 17.e3 Bd7 18.Nd1 Nc8 19.Rc2 b6 20.Bb4 a5 21.Ba3 Ncd6 22.Ne5 Rac8
23.Rxc8 Bxc8 24.Rc1 Bb7 25.Nc3 Rc8 26.Na4 Rxc1+ 27.Bxc1 Bxe5 28.dxe5 Nc8
29.Bb2 Bc6 30.Bd4 b5 31.Nb6 Ne7 32.Bc5 Kf7 33.Bf1 h6 34.Be2 Ng7 35.Kf2 g5
36.Bxe7 Kxe7 37.Nc8+ Kf8 38.Na7 Be8 39.Bxb5 g4 40.a4 Ke7 41.Bxe8 Nxe8 42.Nc6+ Kd7
43.Nxa5 Kc7 44.b4 Kb6 45.Nb3 Nc7 46.Nc5 d4 47.exd4 Nd5 48.Nxe6  1-0

[Event "2nd Gurgaon Open 2014"]
[Site "Gurgaon IND"]
[Date "2014.01.04"]
[Round "5.7"]
[White "Swayams,M"]
[Black "Krishna,CRG"]
[Result "1/2-1/2"]
[WhiteElo "2426"]
[BlackElo "2318"]

1.d4 d5 2.c4 c6 3.Nf3 Nf6 4.Nc3 a6 5.a4 e6 6.Bg5 Nbd7 7.e3 Qa5 8.Nd2 Bb4
9.Qc2 O-O 10.Be2 c5 11.O-O cxd4 12.exd4 dxc4 13.Bxf6 Nxf6 14.Nxc4 Qc7 15.Qb3 Bd6
16.Nxd6 Qxd6 17.Rfd1 Bd7 18.Bf3 Bc6 19.d5 Nxd5 20.Nxd5 exd5 21.Bxd5 Bxd5
22.Rxd5 Qc7 23.Rad1 Rfe8 24.g3 Re7 25.Qf3 Rae8 26.Kg2 Qc6 27.b3 g6 28.h4 Re6
29.R5d3  1/2-1/2